Derecho Comercial
| Main Author: | |
|---|---|
| Format: | eBook |
| Language: | Spanish |
| Published: |
Chile :
Editorial Jurd̕ica de Chile,
2010.
|
| Edition: | 7 ® edicin̤. |
| Series: | Coleccin̤ Manuales jurd̕icos ;
83-1 |
| Subjects: | |
| Online Access: | Acceso restringido. Tomo I, Vol. I. Acceso restringido. Tomo I, Vol. II. Acceso restringido. Tomo II. Acceso restringido. Tomo III, Vol. II. Acceso restringido. Tomo IV. |
MARC
| LEADER | 00000nam a22000007a 4500 | ||
|---|---|---|---|
| 005 | 20110825120525.0 | ||
| 008 | 110825t2009 cl |||||sn||| 00| 0 spa d | ||
| 020 | |a 978-956-10-1803-7 (Tomo I. Vol. I) | ||
| 020 | |a 978-956-10-2038-2 (Tomo I. Vol. II) | ||
| 020 | |a 978-956-10-1342-1 (Tomo II) | ||
| 020 | |a 978-956-10-1350-6 (Tomo III. Vol. I) | ||
| 020 | |a 978-956-10-1351-3 (Tomo III. Vol. II) | ||
| 020 | |a 978-956-10-1810-5 (Tomo IV) | ||
| 035 | |a 5377 | ||
| 035 | |a 5378 | ||
| 035 | |a 5380 | ||
| 035 | |a 5381 | ||
| 035 | |a 5382 | ||
| 035 | |a 5383 | ||
| 040 | |a vLex | ||
| 090 | |c 2265 |d 2265 | ||
| 100 | 1 | |a Sǹdoval Lp̤ez, Ricardo | |
| 245 | 1 | 0 | |a Derecho Comercial |c Ricardo Sandoval Lp̤ez |h [Recurso electrn̤ico] / |
| 250 | |a 7 ® edicin̤. | ||
| 256 | |a Servicio en ln̕ea. | ||
| 260 | |a Chile : |b Editorial Jurd̕ica de Chile, |c 2010. | ||
| 300 | |a 216 p. | ||
| 490 | 0 | |a Coleccin̤ Manuales jurd̕icos ; |v 83-1 | |
| 505 | |a Contiene: Tomo I, Vol. I; Tomo I, Vol. II; Tomo II; Tomo III, Vol. I; Tomo III, Vol. II; Tomo IV. | ||
| 506 | 1 | |a Contenido solo disponible en los productos indicados |d vLex Global |d vLex Global (Academic Edition, excluding Law Schools) |d vLex Global (U.S. Academic Edition, Law Schools) |d vLex Global (U.S. Academic Edition, excluding Law Schools) |d vLex Global (Academic Edition, Law Schools) | |
| 506 | 1 | |a Contenido solo disponible en los productos indicados |d vLex Global |d vLex Global (Academic Edition, excluding Law Schools) |d vLex Global (U.S. Academic Edition, Law Schools) |d vLex Global (U.S. Academic Edition, excluding Law Schools) |d vLex Global (Academic Edition, Law Schools) | |
| 506 | 1 | |a Contenido solo disponible en los productos indicados |d vLex Global |d vLex Global (Academic Edition, excluding Law Schools) |d vLex Global (U.S. Academic Edition, Law Schools) |d vLex Global (U.S. Academic Edition, excluding Law Schools) |d vLex Global (Academic Edition, Law Schools) | |
| 506 | 1 | |a Contenido solo disponible en los productos indicados |d vLex Global |d vLex Global (Academic Edition, excluding Law Schools) |d vLex Global (U.S. Academic Edition, Law Schools) |d vLex Global (U.S. Academic Edition, excluding Law Schools) |d vLex Global (Academic Edition, Law Schools) | |
| 506 | 1 | |a Contenido solo disponible en los productos indicados |d vLex Global |d vLex Global (Academic Edition, excluding Law Schools) |d vLex Global (U.S. Academic Edition, Law Schools) |d vLex Global (U.S. Academic Edition, excluding Law Schools) |d vLex Global (Academic Edition, Law Schools) | |
| 506 | 1 | |a Contenido solo disponible en los productos indicados |d vLex Global |d vLex Global (Academic Edition, excluding Law Schools) |d vLex Global (U.S. Academic Edition, Law Schools) |d vLex Global (U.S. Academic Edition, excluding Law Schools) |d vLex Global (Academic Edition, Law Schools) | |
| 650 | 0 | 4 | |a Comercio |
| 650 | 0 | 4 | |a Empresa colectiva |
| 650 | 0 | 4 | |a Empresa individual |
| 650 | 0 | 4 | |a fallida |
| 650 | 0 | 4 | |a Contratos |
| 650 | 0 | 4 | |a Pagarš |
| 740 | 0 | |a vLex Libros (Servicio en ln̕ea) | |
| 856 | 4 | 0 | |u http://vlex.com/source/derecho-comercial-empresa-individual-colectiva-5377 |z Acceso restringido. Tomo I, Vol. I. |
| 856 | 4 | 0 | |u http://vlex.com/source/derecho-comercial-sociedades-personas-capital-5378 |z Acceso restringido. Tomo I, Vol. II. |
| 856 | 4 | 0 | |u http://vlex.com/source/derecho-comercial-titulos-credito-letra-cambio-5380 |z Acceso restringido. Tomo II. |
| 856 | 4 | 0 | |z Acceso restringido. Tomo III, Vol. I. |
| 856 | 4 | 0 | |u http://vlex.com/source/derecho-comercial-contratos-mercantiles-5381 |z Acceso restringido. Tomo III, Vol. II. |
| 856 | 4 | 0 | |u http://vlex.com/source/derecho-comercial-insolvencia-empresa-derecho-concursal-5383 |z Acceso restringido. Tomo IV. |
| 942 | |c BOOK | ||


